Central Library OPAC University of Rajshahi

British government since 1918 / (Record no. 5890)

MARC details
000 -LEADER
fixed length control field 01282cam a2200277 a 4500
001 - CONTROL NUMBER
control field 5890
003 - CONTROL NUMBER IDENTIFIER
rucl marc code BD-RjUL
005 - DATE AND TIME OF LATEST TRANSACTION
control field 20211208234140.0
008 - FIXED-LENGTH DATA ELEMENTS--GENERAL INFORMATION
fixed length control field 14 r19571951enk b 001 0 eng
035 ## - SYSTEM CONTROL NUMBER
System control number BD-RjUL 5929
040 ## - CATALOGING SOURCE
Original cataloging agency DLC
Transcribing agency TOL
Language of cataloging eng
Modifying agency BD-RjUL
041 ## - LANGUAGE CODE
Language code of text/sound track or separate title eng
082 04 - DEWEY DECIMAL CLASSIFICATION NUMBER
Edition number 16
Classification number 354.42
Author mark and year BRI 1957
245 00 - TITLE STATEMENT
Title British government since 1918 /
Statement of responsibility, etc. Gilbert Campion ... [et. al.] ; with an introduction by John Anderson.
260 ## - PUBLICATION, DISTRIBUTION, ETC. (IMPRINT)
Place of publication, distribution, etc. London :
Name of publisher, distributor, etc. Allen and Unwin,
Date of publication, distribution, etc. 1951 [impression 1957].
300 ## - PHYSICAL DESCRIPTION
Pagination 232 p. ;
Size 22 cm.
500 ## - GENERAL NOTE
General note "Prepared at the instigation of the Institute of Public Administration" -- verso t.p.
504 ## - BIBLIOGRAPHY, ETC. NOTE
Bibliography, etc Includes bibliographical footnotes and index.
505 0# - FORMATTED CONTENTS NOTE
Formatted contents note Developments in the parliamentary system since 1918 / Gilbert Campion -- Developments of the cabinet, 1914-1949 / D.N. Chester -- The structure of central administration / W.J.M. Mackenzie -- Administrative law in England, 1919-1948 / William A. Robson -- Qasi-government bodies since 1918 / Arthur Street -- Local government / J.H. Warren.
651 #0 - SUBJECT ADDED ENTRY--GEOGRAPHIC NAME
Geographic name Great Britain
General subdivision Politics and government
Chronological subdivision 20th century.
9 (RLIN) 5828
700 1# - ADDED ENTRY--PERSONAL NAME
Personal name Campion, Lord ;
Personal name Chester, D. N. ;
Personal name Mackenzie, W.J.M.
942 ## - ADDED ENTRY ELEMENTS (KOHA)
Source of classification or shelving scheme Dewey Decimal Classification
Koha item type Books
Holdings
Lost status Source of classification or shelving scheme Damaged status Not for loan Collection code Permanent Location Current Location Shelving location Date acquired Source of acquisition Cost, normal purchase price Total Checkouts Full call number Date last seen Copy number Koha item type
  Dewey Decimal Classification     Non-fiction Central Library, University of Rajshahi Central Library, University of Rajshahi   23/07/1968 Zeitlinger 21.00   354.42 BRI 1957 08/01/2014 C-2 Books